Kanye Songs by # of Spotify Streams - Statistics

General Stats
  • This quiz has been taken 497 times
  • The average score is 2 of 15
Answer Stats
Hint Answer % Correct
95,910,145 streams Stronger
79%
207,096,627 streams Niggas in Paris
35%
133,838,051 streams Father Stretch My Hands Pt. 1
22%
184,027,866 streams Famous
16%
83,471,625 streams Off The Grid
16%
166,238,819 streams Hurricane
15%
196,465,336 streams Praise God
13%
235,917,437 streams FourFiveSeconds
10%
94,120,041 streams Follow God
9%
84,081,838 streams Moon
9%
140,683,217 streams All Mine
8%
334,102,952 streams I Love It
5%
72,136,119 streams Waves
4%
144,064,107 streams Mixed Personalities
1%
69,147,842 streams Watch
1%
No matching quizzes found
Score Distribution
Percent of People with Each Score
Percentile by Number Answered
Your Score History
You have not taken this quiz